Detection of bacteria in seed and other planting material

Na minha lista:
Detalhes bibliográficos
Formato: Livro
Idioma:Undetermined
Publicado em: Minnesota The American Phytopathological Society(APS), Press 1989
Assuntos:
Tags: Adicionar Tag
Sem tags, seja o primeiro a adicionar uma tag!
Thư viện lưu trữ: Trung tâm Học liệu Trường Đại học Cần Thơ
LEADER 00509nam a2200157Ia 4500
001 CTU_38929
008 210402s9999 xx 000 0 und d
082 |a 635.6932 
082 |b S127 
245 0 |a Detection of bacteria in seed and other planting material 
260 |a Minnesota 
260 |b The American Phytopathological Society(APS), Press 
260 |c 1989 
650 |a bacterial diseases of plants,seed pathology 
904 |i Liên, 000515 
980 |a Trung tâm Học liệu Trường Đại học Cần Thơ